Movie Word Quintets III Quiz Stats

Quiz Updated Jan 14, 2018

Challenge
Share
Tweet
Score 0/30 Timer 08:00
1 Play Today
% Correct
Space Jam
97.4%
Office Space
74.2%
Black Hawk Down
73.7%
2001: A Space Odyssey
62.7%
Murder on the Orient Express
61.9%
The Blue Lagoon
61.5%
Dear John
60.8%
Vanilla Sky
60.6%
John Wick
59.6%
John Tucker Must Die
57.2%
Dial M for Murder
56%
White House Down
53%
Lost in Space
51.2%
John Carter
50%
Blue Velvet
47%
% Correct
Sky High
46.8%
John Q.
44.5%
October Sky
41.2%
Falling Down
39.8%
Sky Captain and the World of Tomorrow
31.4%
Blue Valentine
30.3%
Blue Jasmine
29.3%
Blue Streak
26%
Down with Love
20.9%
Murder by Numbers
20.3%
Plan 9 from Outer Space
19.6%
Never Back Down
13.6%
Castle in the Sky
12.1%
Anatomy of a Murder
11.3%
Memories of Murder
2.7%

You're not logged in!

Compare scores with friends on all Sporcle quizzes.
Join for Free
OR
Log In

You Might Also Like...

Show Comments

Extras

Top Quizzes Today


Score Distribution

Your Account Isn't Verified!

In order to create a playlist on Sporcle, you need to verify the email address you used during registration. Go to your Sporcle Settings to finish the process.

Report this User

Report this user for behavior that violates our Community Guidelines.

Details: